| 000 | 00761nam a2200205Ia 4500 | ||
|---|---|---|---|
| 003 | IN-BaIIA | ||
| 008 | 211028s9999 xx 000 0 eng d | ||
| 020 | _a0-8194-4947-4 | ||
| 040 | _cIIA Library | ||
| 080 |
_a535 _bWEI |
||
| 245 | 0 |
_aIntroduction to complex mediums for optics and electromagnetics _cedited by W. S. Weiglhofer and A. Lakhtakia, ed. |
|
| 260 |
_aUSA _bThe International Society for Optical Engineering _c2003 |
||
| 300 | _axxxiii, 757p. | ||
| 650 |
_aComposite materials _928836 |
||
| 650 |
_aNanostructure materials _928837 |
||
| 650 |
_aOptical materials: Electromagnetism- Materials _928838 |
||
| 700 |
_aLakhtakia, A., ed. _928839 |
||
| 700 |
_aWeiglhofer, W. S., ed. _928840 |
||
| 942 | _cBK | ||
| 999 |
_c15642 _d15642 |
||